Score 0/14 Timer 04:00
0 Plays Today
Scrambled Word Answer % Correct
EHT SOBSThe Boss
99.7%
CISK YADSSick Days
98.5%
THIFSShift
96.8%
YAP SIAREPay Raise
96.5%
HUNCL RUOHLunch Hour
92.3%
YAPCCHKEPaycheck
84.2%
THIGE OT VIEFEight to Five
83.3%
Scrambled Word Answer % Correct
NO HET OBJ RINGATINOn the Job Training
71.4%
INTACOVAVacation
59.2%
NOMORPITOPromotion
55.2%
KWOR SHOTCLEWork Clothes
43.6%
REMITEVOOvertime
42.8%
MITETRAP RO LIMEFLUTParttime or Fulltime
41.5%
OILYSHADHolidays
31.3%

You're not logged in!

Compare scores with friends on all Sporcle quizzes.
OR
Log In

Sporcle TV

Today on Sporcle TV


Watch our educational content, quiz creation guides, and fun videos on Sporcle TV.

Show Comments

Extras

Top Quizzes Today


Score Distribution

Paid Content

Your Account Isn't Verified!

In order to create a playlist on Sporcle, you need to verify the email address you used during registration. Go to your Sporcle Settings to finish the process.

Report this User

Report this user for behavior that violates our Community Guidelines.

Details: